01422nam a2200349 i 450000500170000000700030001700800410002002000180006104000350007904100080011408400120012210000370013424501100017125000460028126400330032730000420036033600270040233700330042933800280046249000260049050400590051652100530057554500680062858600850069665000460078165000470082765000370087465000510091165000370096265000400099970000330103920220317002054.0ta201204r20122015ck a|||jr6||| 00| fdspa d a9789587764932 aCO-BoRNBPbspaerdacCO-BoRNBP0 aspa aNG ORT91 aOrtega, Franciscod1974-eautor 10aMochadick bla leyenda de la ballena blancacautores e ilustradores Francisco Ortega, Gonzalo Martínez aPrimera edición bPrimera reimpresión 1aBogotá bNormac2016c2017 a142 páginas bilustracionesc23 cm  2rdacontentatextobtxt 2rdamediaasin mediaciónbn 2rdacarrieravolumenbnc0 aLibro fuera de serie  aIncluye referencias bibliográficas a final del texto aRecomendado para un público mayor de 15 años aIncluye datos biográficos del autor e ilustrador en la solapa aObra galardonada con el Premio Marta Brunet Literatura Infantil y Juvenil , 2013172LEMBaNovela gráfica chilena ySiglo XX172LEMBaLiteratura juvenil chilenaySiglo XX172LEMBaAutores chilenosySiglo XX172LEMBaHistorias de aventurasvNovela gráfica172LEMBaBallenasvNovela gráfica172LEMBaNáufragosvNovela gráfica1 aMartínez, Gonzalo eautor